L' evolution pedagogique en France
Αποθηκεύτηκε σε:
| Κύριος συγγραφέας: | |
|---|---|
| Άλλοι συγγραφείς: | |
| Μορφή: | Βιβλίο |
| Γλώσσα: | French |
| Δημοσίευση: |
Paris :
Presses Universitaires de France,
1969
|
| Έκδοση: | 2nd ed. |
| Σειρά: | Bibliotheque scientifique internationale. Section pedagogie
|
| Θέματα: | |
| Ετικέτες: |
Προσθήκη ετικέτας
Δεν υπάρχουν, Καταχωρήστε ετικέτα πρώτοι!
|
MARC
| LEADER | 00000nam a2200000 i 4500 | ||
|---|---|---|---|
| 001 | 1/71974 | ||
| 008 | 960719s1969 fre d | ||
| 035 | |a 1987 |c Αγορά |l 10031110 | ||
| 040 | |a GR-MY-UA |b gre |e aacr | ||
| 041 | 0 | |a fre | |
| 082 | 0 | |a 378.44 | |
| 100 | 1 | |a Durkheim, Emile |d 1858-1917. | |
| 245 | 1 | 3 | |a L' evolution pedagogique en France / |c Emile Durkheim ; introduction de Maurice Halbwachs |
| 250 | |a 2nd ed. | ||
| 260 | |a Paris : |b Presses Universitaires de France, |c 1969 | ||
| 300 | |a 403 p. | ||
| 490 | 1 | |a Bibliotheque scientifique internationale. Section pedagogie | |
| 650 | 0 | 0 | |a Education, Higher |z France |x History. |
| 650 | 0 | 0 | |a Educational innovations |z France. |
| 650 | 0 | 0 | |a Church and education |z France. |
| 650 | 0 | 0 | |a Education |z France |x Philosophy. |
| 700 | 1 | |a Halbwachs, Maurice |d 1877-1945. |4 aui | |
| 830 | 0 | |a Bibliotheque scientifique internationale. Section pedagogie | |
| 852 | |a INST |b RHODES |e 19960719 |h 378.44 DUR |p 005400002430 |q 005400002430 |t BK |y 0 | ||
| 909 | |a Ρ |b 005810 |c 1987 | ||